[Event "Bogota U17 Mixto op"]
[Site "Bogota"]
[Date "2012.02.03"]
[Round "1.2"]
[White "Acevedo, Johan Sebastian"]
[Black "Martinez, Alejandro V"]
[Result "1-0"]
[WhiteElo "2089"]
[BlackElo "1960"]
[PlyCount "39"]
[EventDate "2012.02.03"]
[EventType "swiss"]
[EventRounds "6"]
[EventCountry "COL"]
[SourceTitle "EXT 2024"]
[Source "ChessBase"]
[SourceDate "2023.10.10"]
[SourceVersion "1"]
[SourceVersionDate "2023.10.10"]
[SourceQuality "1"]

1. e4 e5 2. Nf3 d6 3. d4 Bg4 4. dxe5 Bxf3 5. Qxf3 dxe5 6. Qb3 Nf6 7. Bc4 Bb4+ 8. Qxb4 Nxe4 9. Bb5+ c6 10. Qxe4 0-0 11. Bd3 f5 12. Qc4+ Rf7 13. Qb3 e4 14. Bc4 Qa5+ 15. Bd2 Qc7 16. Bxf7+ Kf8 17. Bg8 h6 18. Be3 c5 19. Bxc5+ Qxc5 20. Qf7# 1-0